| 000 | 00919 a2200301 4500 | ||
|---|---|---|---|
| 001 | 200421339 | ||
| 999 |
_c200421339 _d38416 |
||
| 003 | TR-AnTOB | ||
| 005 | 20240909100622.0 | ||
| 008 | 150216s tu 000 0 | ||
| 020 | _a9756611529 | ||
| 040 |
_aTR-AnTOB _btur _erda |
||
| 041 | 0 | _atur | |
| 050 | 0 | 0 |
_aS417.A73. _bE79 2003 |
| 090 | _aS417.A73 . E79 2003 | ||
| 245 | 1 | 0 |
_aErzurumlu Sıtkı Bey : _bSıtkı Aras'a armağan / _chazırlayan: Mehmet Karataş. |
| 264 |
_aİstanbul : _bErzurum Kitaplığı, _c2003. |
||
| 300 |
_a199 pages : _bill. ; _c20 cm. |
||
| 336 |
_atext _2rdacontent |
||
| 337 |
_aunmediated _2rdamedia |
||
| 338 |
_avolume _2rdacarrier |
||
| 490 | 0 |
_aErzurum Kitaplığı ; _v21. |
|
| 600 | 1 |
_aAras, M. Sıtkı, _d1943- _9104213 |
|
| 650 | 0 | 0 |
_aTarımcılar _zTürkiye _vBiyografi _9104216 |
| 650 | 0 | 0 |
_aAgriculturists _zTurkey _vBiography _9104215 |
| 700 | 1 |
_aKarataş, Mehmet _9104214 |
|
| 942 | _cBK | ||